Diablo - Statistics

General Stats
  • This quiz has been taken 316 times
  • The average score is 4 of 7
Answer Stats
Lesser or Prime Hint Answer % Correct
Prime Evil Lord of Terror Diablo
100%
Prime Evil Lord of Destruction Baal
83%
Prime Evil Lord of Hatred Mephisto
81%
Lesser Evil Lord of Lies Belial
63%
Lesser Evil Lord of Sin Azmodan
56%
Lesser Evil Maidan of Anguish Andarial
25%
Lesser Evil Prince of Pain Durial
20%
No matching quizzes found
Score Distribution
Percent of People with Each Score
Percentile by Number Answered
Your Score History
You have not taken this quiz